[Event "Collado Villalba 2015 Torneo B"]
[Site "Collado Villalba (ESP)"]
[Date "2015.08.24"]
[Round "3.8"]
[White "Aragon Gutierrez, Alejandro"]
[Black "Rubio Recio, Fernando"]
[Result "1/2-1/2"]
[WhiteElo "1806"]
[BlackElo "1471"]
[PlyCount "121"]
[EventDate "2015.08.22"]
[EventType "swiss"]
[EventRounds "9"]
[EventCountry "ESP"]
[Source "lmi"]
[SourceDate "2015.08.22"]

1. Nf3 e6 2. c4 c6 3. d4 d5 4. Nc3 Nf6 5. Qc2 Bb4 6. Bd2 O-O 7. e3 Nbd7 8. Bd3
b6 9. a3 Bxc3 10. Bxc3 Ba6 11. cxd5 Bxd3 12. Qxd3 cxd5 13. Nd2 Qb8 14. Rd1 a5
15. Qb5 Qd6 16. O-O Ne8 17. Rfe1 Nc7 18. Qd3 f5 19. Nf3 b5 20. Qd2 Qb6 21. Rc1
Nf6 22. Qc2 Rfc8 23. Qb3 Na6 24. Ne5 Rc7 25. f3 Rac8 26. Bd2 a4 27. Qd3 b4 28.
Rxc7 Rxc7 29. Rc1 Rxc1+ 30. Bxc1 b3 31. Bd2 Nb8 32. Qc3 Qd8 33. Qb4 Qe8 34. Qa5
h6 35. Bb4 Kh7 36. Kf2 Qc8 37. Bc3 Qa6 38. Qc7 Qb5 39. Qd6 Qe8 40. Qb4 Na6 41.
Qa5 Nb8 42. Nd3 Qc6 43. Nc5 Nfd7 44. Qxa4 Nxc5 45. Qxc6 Nd3+ 46. Ke2 Nf4+ 47.
exf4 Nxc6 48. a4 Kg8 49. a5 Kf7 50. Kd3 Ke8 51. g4 g6 52. h3 Kd7 53. Bd2 Kc7
54. Bc3 Kb7 55. Be1 Ka6 56. Kc3 Nxa5 57. Kb4 Kb6 58. Ka3 Nc4+ 59. Kxb3 Kb5 60.
Kc2 Nb6 61. b3 1/2-1/2

[Event "Collado Villalba 2015 Torneo B"]
[Site "Collado Villalba (ESP)"]
[Date "2015.08.24"]
[Round "3.9"]
[White "Reyes Penas, Sebastian"]
[Black "Alvarez Escudero, Manuel"]
[Result "1-0"]
[WhiteElo "1675"]
[BlackElo "1805"]
[PlyCount "75"]
[EventDate "2015.08.22"]
[EventType "swiss"]
[EventRounds "9"]
[EventCountry "ESP"]
[Source "lmi"]
[SourceDate "2015.08.22"]

1. e4 e5 2. Nf3 Nc6 3. Bc4 d6 4. d4 exd4 5. Nxd4 Nxd4 6. Qxd4 Nf6 7. Nc3 Be7 8.
O-O O-O 9. Bf4 Be6 10. Rfe1 Nd7 11. Nd5 Nb6 12. Nxe7+ Qxe7 13. Bd3 Rfe8 14.
Rad1 Rad8 15. b3 h6 16. Re3 d5 17. Bxh6 Qf6 18. Qxf6 gxf6 19. e5 f5 20. f4 Kh7
21. Bg5 Nd7 22. Bxd8 Rxd8 23. Rf1 Kg7 24. Rg3+ Kf8 25. Rg5 Nc5 26. Bxf5 Ne4 27.
Bxe6 fxe6 28. Rh5 Kg7 29. f5 exf5 30. Rhxf5 Kg6 31. g4 c5 32. h4 b5 33. e6 Rd6
34. Re5 Nf6 35. Rxf6+ Kxf6 36. e7 Kxe5 37. e8=Q+ Kd4 38. Qxb5 1-0

[Event "Collado Villalba 2015 Torneo B"]
[Site "Collado Villalba (ESP)"]
[Date "2015.08.24"]
[Round "3.10"]
[White "Picazo Sancho, Alvaro"]
[Black "Soto Martin, Miguel"]
[Result "0-1"]
[WhiteElo "1610"]
[BlackElo "1716"]
[PlyCount "92"]
[EventDate "2015.08.22"]
[EventType "swiss"]
[EventRounds "9"]
[EventCountry "ESP"]
[Source "lmi"]
[SourceDate "2015.08.22"]

1. e4 c5 2. Nf3 d6 3. d4 cxd4 4. Nxd4 Nf6 5. Nc3 a6 6. Be2 e5 7. Nb3 Be7 8. O-O
b5 9. Kh1 Bb7 10. f3 O-O 11. Be3 d5 12. exd5 Nxd5 13. Nxd5 Bxd5 14. Bd3 Nc6 15.
a3 Bxb3 16. cxb3 Nd4 17. f4 Bf6 18. fxe5 Bxe5 19. Bxh7+ Kxh7 20. Qh5+ Kg8 21.
Qxe5 Nxb3 22. Rad1 Qe8 23. Qg3 Qe6 24. Rde1 Qc6 25. Bg5 Na5 26. Rf6 Qc2 27.
Rff1 Qg6 28. h3 Nc4 29. Rf2 f6 30. Bf4 Qxg3 31. Bxg3 Rfe8 32. Rfe2 Rxe2 33.
Rxe2 Rd8 34. Kh2 Rd3 35. Be1 Rb3 36. Bc3 Nxa3 37. Re1 Nc4 38. Ra1 b4 39. Bd4 a5
40. Rc1 Nd6 41. Ra1 Nc4 42. Rc1 Nxb2 43. Rb1 a4 44. Rxb2 Rxb2 45. Bxb2 a3 46.
Ba1 b3 0-1

[Event "Collado Villalba 2015 Torneo B"]
[Site "Collado Villalba (ESP)"]
[Date "2015.08.24"]
[Round "3.12"]
[White "Greciano Reiskila, Miguel C"]
[Black "Algaba Traspuesto, Jose Antoni"]
[Result "1-0"]
[WhiteElo "1925"]
[BlackElo "1611"]
[PlyCount "25"]
[EventDate "2015.08.22"]
[EventType "swiss"]
[EventRounds "9"]
[EventCountry "ESP"]
[Source "lmi"]
[SourceDate "2015.08.22"]

1. c4 e6 2. g3 f5 3. Bg2 Nf6 4. Nc3 Be7 5. d4 O-O 6. Nf3 d6 7. O-O a5 8. Qb3
Bd7 9. Ng5 a4 10. Qxb7 Ra6 11. Nb5 c6 12. Nc7 Ne8 13. Ngxe6 1-0

[Event "Collado Villalba 2015 Torneo B"]
[Site "Collado Villalba (ESP)"]
[Date "2015.08.24"]
[Round "3.13"]
[White "Fernandez Garcia, Ignacio"]
[Black "Cupeiro Fernandez, Manuel"]
[Result "1-0"]
[WhiteElo "1870"]
[BlackElo "1588"]
[PlyCount "73"]
[EventDate "2015.08.22"]
[EventType "swiss"]
[EventRounds "9"]
[EventCountry "ESP"]
[Source "lmi"]
[SourceDate "2015.08.22"]

1. e4 e5 2. Nf3 d6 3. Bc4 Be7 4. Nc3 Nf6 5. d3 Bg4 6. h3 Bxf3 7. Qxf3 Nbd7 8.
g4 Nb6 9. g5 Nxc4 10. gxf6 Bxf6 11. dxc4 c6 12. Bd2 Qc7 13. O-O-O O-O-O 14.
Qg4+ Qd7 15. f3 Qxg4 16. fxg4 h6 17. h4 Be7 18. g5 hxg5 19. hxg5 Kc7 20. Be3 b6
21. Ne2 Rdf8 22. Ng3 g6 23. Rxh8 Rxh8 24. Rh1 Rxh1+ 25. Nxh1 f6 26. gxf6 Bxf6
27. Nf2 Kd7 28. Nh3 a6 29. Bxb6 g5 30. Be3 g4 31. Ng1 Ke6 32. Ne2 d5 33. cxd5+
cxd5 34. exd5+ Kxd5 35. Nc3+ Kc4 36. Kd2 Bh4 37. a3 1-0

[Event "Collado Villalba 2015 Torneo B"]
[Site "Collado Villalba (ESP)"]
[Date "2015.08.24"]
[Round "3.14"]
[White "Martinez Martinez, Manuel Ii"]
[Black "Tarrio Ocana, Jose Manuel"]
[Result "0-1"]
[WhiteElo "1678"]
[BlackElo "1852"]
[PlyCount "68"]
[EventDate "2015.08.22"]
[EventType "swiss"]
[EventRounds "9"]
[EventCountry "ESP"]
[Source "lmi"]
[SourceDate "2015.08.22"]

1. d4 d5 2. c4 c6 3. e3 Nf6 4. Nf3 e6 5. Bd3 dxc4 6. Bxc4 b5 7. Be2 a6 8. a3
Bb7 9. b4 Nbd7 10. Bb2 a5 11. bxa5 Qxa5+ 12. Nbd2 Be7 13. O-O O-O 14. Qc2 c5
15. dxc5 Nxc5 16. Nb3 Nxb3 17. Qxb3 Rab8 18. Qxb5 Qxb5 19. Bxb5 Bxf3 20. a4 Bd5
21. Rfc1 Rfc8 22. f3 Bb7 23. Bd4 Rxc1+ 24. Rxc1 Bd8 25. Be5 Rc8 26. Rb1 Bb6 27.
Bd4 Bxd4 28. exd4 Bd5 29. Bd3 g6 30. a5 Kf8 31. a6 Ke8 32. a7 Ra8 33. Rb8+ Ke7
34. Be4 Rxa7 0-1

[Event "Collado Villalba 2015 Torneo B"]
[Site "Collado Villalba (ESP)"]
[Date "2015.08.24"]
[Round "3.15"]
[White "Medrano Del Val, Julio"]
[Black "Veuthey Martinez, Eloy"]
[Result "1-0"]
[WhiteElo "1825"]
[BlackElo "1557"]
[PlyCount "91"]
[EventDate "2015.08.22"]
[EventType "swiss"]
[EventRounds "9"]
[EventCountry "ESP"]
[Source "lmi"]
[SourceDate "2015.08.22"]

1. d4 d6 2. e4 Nf6 3. Nc3 e5 4. dxe5 dxe5 5. Qxd8+ Kxd8 6. Bg5 Be6 7. Nf3 Bd6
8. O-O-O Nbd7 9. Nb5 Ke7 10. Nxd6 cxd6 11. Bd3 h6 12. Be3 Ng4 13. Rhe1 Nxe3 14.
Rxe3 f6 15. Nh4 Kf7 16. Nf5 Bxf5 17. exf5 d5 18. Bb5 Nb6 19. c3 Rhd8 20. Be2
Rac8 21. Kb1 Rc6 22. Bf3 Rcd6 23. Red3 Ke7 24. Bh5 d4 25. cxd4 Rxd4 26. Rxd4
Rxd4 27. Rxd4 exd4 28. Bf3 Kd6 29. Bxb7 Ke5 30. Kc2 Nc4 31. b4 Nd6 32. Ba8 Kxf5
33. Kd3 Ke5 34. a4 g5 35. Bc6 Nc8 36. b5 a5 37. bxa6 Kd6 38. Bb7 Na7 39. Kxd4
Kc7 40. Kc5 h5 41. f3 f5 42. Kd5 g4 43. Ke5 h4 44. Kxf5 gxf3 45. gxf3 Kd6 46.
Kg5 1-0

[Event "Collado Villalba 2015 Torneo B"]
[Site "Collado Villalba (ESP)"]
[Date "2015.08.24"]
[Round "3.16"]
[White "Rodriguez Gomez, Jose"]
[Black "Alvarez Gonzalez, Eduardo"]
[Result "0-1"]
[WhiteElo "1650"]
[BlackElo "1805"]
[PlyCount "72"]
[EventDate "2015.08.22"]
[EventType "swiss"]
[EventRounds "9"]
[EventCountry "ESP"]
[Source "lmi"]
[SourceDate "2015.08.22"]

1. e4 c6 2. d4 d5 3. Nc3 dxe4 4. Nxe4 Bf5 5. Ng3 Bg6 6. Nf3 Nd7 7. Nh4 e6 8.
Nxg6 hxg6 9. c3 Ngf6 10. Bg5 Qc7 11. h3 Bd6 12. Qf3 Bxg3 13. fxg3 Nh5 14. Bf4
Nxf4 15. gxf4 Nf6 16. Bc4 Nd5 17. Bxd5 cxd5 18. O-O-O O-O-O 19. g4 Qe7 20. Rde1
Qf6 21. g5 Qe7 22. Qg4 Qd6 23. h4 Kb8 24. Re5 Rh5 25. Rf1 Rdh8 26. Rh1 Rd8 27.
Rf1 Qa6 28. Rh1 Qxa2 29. Kc2 Qa4+ 30. Kb1 Qc4 31. f5 exf5 32. Rxf5 Qd3+ 33. Ka2
Qxf5 34. Qxf5 gxf5 35. Rf1 g6 36. Rf4 Rdh8 0-1

[Event "Collado Villalba 2015 Torneo B"]
[Site "Collado Villalba (ESP)"]
[Date "2015.08.24"]
[Round "3.17"]
[White "Sancho Castiello, Federico"]
[Black "Gallego Romero, Manuel"]
[Result "1-0"]
[WhiteElo "1790"]
[BlackElo "1483"]
[PlyCount "23"]
[EventDate "2015.08.22"]
[EventType "swiss"]
[EventRounds "9"]
[EventCountry "ESP"]
[Source "lmi"]
[SourceDate "2015.08.22"]

1. e4 e5 2. Nf3 Nc6 3. Bb5 a6 4. Ba4 b5 5. Bb3 d6 6. c3 Nf6 7. Ng5 d5 8. exd5
Nxd5 9. Nxf7 Kxf7 10. Qf3+ Qf6 11. d4 Bd6 12. Bxd5+ 1-0

[Event "Collado Villalba 2015 Torneo B"]
[Site "Collado Villalba (ESP)"]
[Date "2015.08.24"]
[Round "3.18"]
[White "Benito Alba, Eladio"]
[Black "Tronch Ilzarbe, Carlos Maria"]
[Result "0-1"]
[WhiteElo "1598"]
[BlackElo "1761"]
[PlyCount "66"]
[EventDate "2015.08.22"]
[EventType "swiss"]
[EventRounds "9"]
[EventCountry "ESP"]
[Source "lmi"]
[SourceDate "2015.08.22"]

1. d4 Nf6 2. c4 g6 3. Nc3 d5 4. Nf3 Bg7 5. e3 c6 6. Be2 Bg4 7. O-O dxc4 8. Ne5
Bxe2 9. Qxe2 O-O 10. Nxc4 Nbd7 11. e4 Nb6 12. Nxb6 Qxb6 13. Be3 Qa5 14. Rab1
Rfc8 15. b4 Qd8 16. Rfd1 Qe8 17. f3 Kh8 18. b5 cxb5 19. Nxb5 a6 20. Na3 Qa4 21.
Rb3 Ne8 22. Nb1 Qd7 23. Nc3 Nd6 24. Nd5 Nc4 25. Nb6 Nxb6 26. Rxb6 Rc7 27. d5
Rac8 28. Bd4 Bxd4+ 29. Rxd4 Rc1+ 30. Rd1 Qa4 31. Qb2+ R8c3 32. Rxc1 Qd4+ 33.
Kf1 Qc4+ 0-1

[Event "Collado Villalba 2015 Torneo B"]
[Site "Collado Villalba (ESP)"]
[Date "2015.08.24"]
[Round "3.20"]
[White "Borovyev, Svytoslav"]
[Black "Fernandez Garcia, Emiliano"]
[Result "1-0"]
[WhiteElo "1740"]
[BlackElo "1534"]
[PlyCount "63"]
[EventDate "2015.08.22"]
[EventType "swiss"]
[EventRounds "9"]
[EventCountry "ESP"]
[Source "lmi"]
[SourceDate "2015.08.22"]

1. e4 c5 2. d4 cxd4 3. c3 dxc3 4. Nxc3 e6 5. Nf3 a6 6. Bc4 Qc7 7. Qe2 b5 8. Bb3
Bb7 9. O-O Nc6 10. Rd1 g6 11. Be3 Nf6 12. Rac1 Rd8 13. Bg5 Be7 14. Bh6 Bf8 15.
Bxf8 Kxf8 16. Qe3 h6 17. h3 b4 18. Na4 Qb8 19. Nc5 Bc8 20. Nxe6+ fxe6 21. Rxc6
Kg7 22. Rc2 Bb7 23. Rd4 a5 24. e5 Nd5 25. Bxd5 Bxd5 26. Ne1 Bxa2 27. b3 Bxb3
28. Qxb3 Qxe5 29. Nf3 Qb5 30. Qb2 Kh7 31. Rd6 Rhf8 32. Ne5 1-0

[Event "Collado Villalba 2015 Torneo B"]
[Site "Collado Villalba (ESP)"]
[Date "2015.08.24"]
[Round "3.21"]
[White "Salgado Duarte, Pablo"]
[Black "Minguela Munoz, Bienvenido"]
[Result "0-1"]
[WhiteElo "1533"]
[BlackElo "1732"]
[PlyCount "72"]
[EventDate "2015.08.22"]
[EventType "swiss"]
[EventRounds "9"]
[EventCountry "ESP"]
[Source "lmi"]
[SourceDate "2015.08.22"]

1. d4 Nf6 2. c4 g6 3. Nc3 Bg7 4. Nf3 d6 5. e4 O-O 6. h3 e5 7. Bg5 h6 8. Be3 Nc6
9. Be2 exd4 10. Nxd4 Re8 11. Nxc6 bxc6 12. Bf3 Bd7 13. Qd2 Kh7 14. Qc2 Rb8 15.
Bxa7 Rb4 16. Be3 Rxc4 17. Qd3 Rb4 18. Rb1 d5 19. exd5 Bf5 20. Qd2 Bxb1 21. Nxb1
Nxd5 22. b3 Nxe3 23. fxe3 Qh4+ 24. Kf1 c5 25. Nc3 Qf6 26. Nd1 Rd8 27. Qc2 Qd6
28. Ke2 Qe5 29. Nf2 Rbd4 30. Ne4 R4d7 31. Rb1 f5 32. Nf2 Rd2+ 33. Qxd2 Rxd2+
34. Kxd2 Qc3+ 35. Kd1 Qxe3 36. Nh1 Bc3 0-1

[Event "Collado Villalba 2015 Torneo B"]
[Site "Collado Villalba (ESP)"]
[Date "2015.08.24"]
[Round "3.22"]
[White "Fernandez Martinez, Jose"]
[Black "Merino Conrado, Ricardo"]
[Result "1/2-1/2"]
[WhiteElo "1701"]
[BlackElo "1468"]
[PlyCount "150"]
[EventDate "2015.08.22"]
[EventType "swiss"]
[EventRounds "9"]
[EventCountry "ESP"]
[Source "lmi"]
[SourceDate "2015.08.22"]

1. e4 c5 2. Nf3 Nc6 3. d4 cxd4 4. Nxd4 g6 5. Be3 Bg7 6. Nc3 d6 7. Be2 Nf6 8.
O-O O-O 9. h3 Kh8 10. Qd2 Ng8 11. Rad1 Bd7 12. Nd5 Nxd4 13. Bxd4 Bxd4 14. Qxd4+
f6 15. c4 h5 16. Nc3 Nh6 17. c5 Kh7 18. cxd6 e6 19. f4 a6 20. Bd3 Rg8 21. e5 f5
22. Qf2 Rg7 23. a3 g5 24. fxg5 Rxg5 25. Rd2 Bc6 26. Qe3 Qg8 27. Rff2 Qg7 28.
Bf1 Rg3 29. Qd4 Rg8 30. d7 Rd8 31. Qh4 Rg5 32. Qf4 Nf7 33. Rfe2 Rxd7 34. Rxd7
Bxd7 35. Qd2 Bc6 36. Re3 f4 37. Bd3+ Kh6 38. Re2 Rxe5 39. Qxf4+ Qg5 40. Qxg5+
Kxg5 41. Rxe5+ Nxe5 42. Be4 Kf4 43. Bxc6 Nxc6 44. Kf2 e5 45. Ne2+ Kg5 46. Ke3
h4 47. Ke4 a5 48. Nc1 Kf6 49. Nd3 b6 50. Kd5 Ne7+ 51. Ke4 Ke6 52. b4 axb4 53.
axb4 Ng6 54. Ne1 b5 55. Nf3 Kd6 56. Ne1 Nf4 57. Nf3 Nd5 58. Nxe5 Nxb4 59. Nf3
Kc5 60. Nxh4 Kc4 61. Nf3 Kc3 62. Nd4 Kc4 63. Nxb5 Kxb5 64. g4 Kc6 65. Kf5 Kd6
66. Kf6 Nd5+ 67. Kf7 Ke5 68. h4 Nf4 69. g5 Kf5 70. Kg7 Nh5+ 71. Kh6 Nf4 72. h5
Ne6 73. g6 Kf6 74. Kh7 Nf8+ 75. Kh6 Ne6 1/2-1/2

[Event "Collado Villalba 2015 Torneo B"]
[Site "Collado Villalba (ESP)"]
[Date "2015.08.24"]
[Round "3.23"]
[White "Perez Bruni, Alfredo"]
[Black "Rico Ropero, Oscar"]
[Result "1-0"]
[WhiteElo "1688"]
[BlackElo "1457"]
[PlyCount "77"]
[EventDate "2015.08.22"]
[EventType "swiss"]
[EventRounds "9"]
[EventCountry "ESP"]
[Source "lmi"]
[SourceDate "2015.08.22"]

1. e4 c5 2. Nf3 Nc6 3. g3 Nf6 4. d3 e6 5. Bg2 Be7 6. O-O O-O 7. Re1 Qc7 8. Nc3
a6 9. Bg5 d5 10. exd5 Nxd5 11. Nxd5 exd5 12. Bxe7 Nxe7 13. h3 Be6 14. Qd2 Rac8
15. b3 b5 16. Qe2 c4 17. dxc4 dxc4 18. Ng5 Bf5 19. Qxe7 Bxc2 20. Qxc7 Rxc7 21.
Rac1 cxb3 22. axb3 Rfc8 23. b4 h6 24. Ne4 Ba4 25. Rxc7 Rxc7 26. Nc5 a5 27. Nxa4
bxa4 28. bxa5 Ra7 29. Ra1 Rxa5 30. Ra3 Ra6 31. Bd5 g5 32. Kg2 Kg7 33. Bb3 f5
34. Rxa4 Rxa4 35. Bxa4 Kf6 36. f4 Ke6 37. Kf3 Kd5 38. Bd7 Kd6 39. Bxf5 1-0

[Event "Collado Villalba 2015 Torneo B"]
[Site "Collado Villalba (ESP)"]
[Date "2015.08.24"]
[Round "3.24"]
[White "Garcia Castineira, Ivan"]
[Black "Lianes Garcia, Alicia"]
[Result "1-0"]
[WhiteElo "1688"]
[BlackElo "1277"]
[PlyCount "65"]
[EventDate "2015.08.22"]
[EventType "swiss"]
[EventRounds "9"]
[EventCountry "ESP"]
[Source "lmi"]
[SourceDate "2015.08.22"]

1. d4 d5 2. c4 e6 3. Nf3 c5 4. cxd5 exd5 5. e3 Nc6 6. Nc3 Nf6 7. Be2 Bf5 8. O-O
Bd6 9. Nb5 cxd4 10. Nxd6+ Qxd6 11. Nxd4 Nxd4 12. Qxd4 O-O 13. Bd2 Rac8 14. Bb4
Qe6 15. Bxf8 Kxf8 16. Qb4+ Qe7 17. Qxe7+ Kxe7 18. Rac1 Kd7 19. f3 Rc6 20. Bb5
Kd6 21. Bxc6 bxc6 22. Rc3 Bd7 23. Ra3 Ne8 24. Rxa7 Nc7 25. e4 Nb5 26. Rb7 Nd4
27. exd5 cxd5 28. Rd1 Nc6 29. a4 f5 30. b4 Nd8 31. Rxd5+ Kc6 32. Rbxd7 Nb7 33.
Rxb7 1-0

[Event "Collado Villalba 2015 Torneo B"]
[Site "Collado Villalba (ESP)"]
[Date "2015.08.24"]
[Round "3.27"]
[White "Pascual Gomez, Jesus"]
[Black "Suarez Prieto, Leopoldo"]
[Result "0-1"]
[WhiteElo "1714"]
[BlackElo "1646"]
[PlyCount "24"]
[EventDate "2015.08.22"]
[EventType "swiss"]
[EventRounds "9"]
[EventCountry "ESP"]
[Source "lmi"]
[SourceDate "2015.08.22"]

1. e4 e5 2. Nf3 Bc5 3. Nxe5 d6 4. Nf3 Nf6 5. d4 Bb6 6. Bg5 h6 7. Bh4 g5 8. Bg3
Nxe4 9. Qe2 f5 10. h4 O-O 11. hxg5 Nxg3 12. Qc4+ d5 0-1

[Event "Collado Villalba 2015 Torneo B"]
[Site "Collado Villalba (ESP)"]
[Date "2015.08.24"]
[Round "3.28"]
[White "Jimenez Jimenez, Darfo"]
[Black "Rufo Yebra, Benito"]
[Result "1-0"]
[WhiteElo "1686"]
[BlackElo "1486"]
[PlyCount "143"]
[EventDate "2015.08.22"]
[EventType "swiss"]
[EventRounds "9"]
[EventCountry "ESP"]
[Source "lmi"]
[SourceDate "2015.08.22"]

1. e4 d6 2. d4 Nc6 3. Nc3 e5 4. d5 Nce7 5. Bg5 h6 6. Bh4 g5 7. Bg3 Nf6 8. Be2
Ng6 9. Qd2 g4 10. O-O-O h5 11. Kb1 h4 12. Bxe5 Nxe5 13. f4 gxf3 14. gxf3 Bd7
15. Qd4 Nh5 16. Bb5 Bg7 17. Qf2 Ng6 18. Nge2 Nhf4 19. Nd4 a6 20. Bf1 Be5 21.
Nce2 Qf6 22. c3 b5 23. Rg1 Bh3 24. Nc6 Bxf1 25. Nxf4 Bxf4 26. Rdxf1 a5 27. Qe2
Ne5 28. Qxb5 Nd7 29. Rg2 h3 30. Rg4 Bxh2 31. f4 a4 32. Qe2 Nc5 33. Qxh2 a3 34.
Re1 Nd3 35. Re2 axb2 36. e5 dxe5 37. Nxe5 Qa6 38. Nxd3+ Kf8 39. Nb4 Qc4 40.
Rxb2 Qe4+ 41. Rc2 Rb8 42. a3 Qxd5 43. Rg3 Qd1+ 44. Kb2 Qd7 45. Rd3 Qf5 46. Rcd2
Kg7 47. Rd7 Qf6 48. Qg3+ Kf8 49. f5 Rh5 50. Qxc7 Re8 51. Qc5+ Kg7 52. Qg1+ Rg5
53. Qh2 Qh6 54. R7d6 f6 55. Rd8 Rxd8 56. Qc7+ Kh8 57. Rxd8+ Rg8 58. Rxg8+ Kxg8
59. Qd8+ Kh7 60. Qe7+ Qg7 61. Qxg7+ Kxg7 62. Nd3 Kh6 63. Nf2 Kg5 64. Nxh3+ Kxf5
65. Kc2 Kg4 66. Nf2+ Kf3 67. Nd3 Ke4 68. a4 Kd5 69. Kb3 f5 70. a5 Ke4 71. Kc4
f4 72. Nxf4 1-0

[Event "Collado Villalba 2015 Torneo B"]
[Site "Collado Villalba (ESP)"]
[Date "2015.08.24"]
[Round "3.29"]
[White "Picazo Sancho, Carolina"]
[Black "Fernandez Estremera, Fernando"]
[Result "1-0"]
[WhiteElo "1413"]
[BlackElo "1672"]
[PlyCount "67"]
[EventDate "2015.08.22"]
[EventType "swiss"]
[EventRounds "9"]
[EventCountry "ESP"]
[Source "lmi"]
[SourceDate "2015.08.22"]

1. e4 c5 2. Nf3 e6 3. d4 cxd4 4. Nxd4 a6 5. Nc3 Qc7 6. a3 Nf6 7. Be2 d6 8. Be3
Nbd7 9. O-O b5 10. f4 Bb7 11. Bf3 Nc5 12. e5 dxe5 13. fxe5 Qxe5 14. Bf2 Bxf3
15. Qxf3 Nd5 16. Rfe1 Qd6 17. Nxd5 Rd8 18. Nc3 Be7 19. Qc6+ Qxc6 20. Nxc6 Rc8
21. Nxe7 Kxe7 22. Rad1 Kf6 23. Bxc5 Kg6 24. Be3 Kh5 25. Rf1 f6 26. Rf3 Kg6 27.
Rd7 Rhg8 28. Rg3+ Kf5 29. Rgxg7 Rxg7 30. Rxg7 h5 31. Bb6 Rc6 32. Ba5 Ke5 33.
Rh7 f5 34. Rxh5 1-0

[Event "Collado Villalba 2015 Torneo B"]
[Site "Collado Villalba (ESP)"]
[Date "2015.08.24"]
[Round "3.30"]
[White "Melcon Diez, Enrique"]
[Black "Penas Merino, Ramona"]
[Result "1-0"]
[WhiteElo "1639"]
[BlackElo "1436"]
[PlyCount "97"]
[EventDate "2015.08.22"]
[EventType "swiss"]
[EventRounds "9"]
[EventCountry "ESP"]
[Source "lmi"]
[SourceDate "2015.08.22"]

1. c4 e5 2. Nc3 f5 3. g3 Nf6 4. Nf3 d6 5. Bg2 g6 6. O-O Bg7 7. d4 e4 8. Ng5 h6
9. Nh3 c6 10. e3 Be6 11. Nf4 Bf7 12. f3 exf3 13. Bxf3 O-O 14. e4 fxe4 15. Nxe4
g5 16. Nh5 Nxe4 17. Nxg7 Bxc4 18. Ne6 Bxe6 19. Bxe4 Rxf1+ 20. Qxf1 Nd7 21. b3
d5 22. Bg6 Qf6 23. Qxf6 Nxf6 24. Ba3 Kg7 25. Bd3 Re8 26. Bd6 Nd7 27. Kf2 Kf6
28. Rf1 Bh3 29. Rc1 Bf5 30. Be2 Re4 31. Rd1 Bg4 32. Bxg4 Rxg4 33. Rf1 Rxd4 34.
Ke3+ Ke6 35. Kxd4 Kxd6 36. b4 Ke6 37. Re1+ Kf7 38. a4 a6 39. a5 h5 40. h3 Nf6
41. Ke5 Ne4 42. Rf1+ Ke7 43. Rf3 Nd2 44. Rd3 Ne4 45. Rf3 Nd2 46. Rf5 Ne4 47. h4
gxh4 48. gxh4 Nf6 49. Rxf6 1-0

[Event "Collado Villalba 2015 Torneo B"]
[Site "Collado Villalba (ESP)"]
[Date "2015.08.24"]
[Round "3.31"]
[White "Lancharro Delgado, Cristina"]
[Black "Elguezabal Selioutin, Dario"]
[Result "1/2-1/2"]
[WhiteElo "1461"]
[BlackElo "1610"]
[PlyCount "89"]
[EventDate "2015.08.22"]
[EventType "swiss"]
[EventRounds "9"]
[EventCountry "ESP"]
[Source "lmi"]
[SourceDate "2015.08.22"]

1. e4 e6 2. d4 d5 3. Nc3 Nf6 4. Bg5 Bb4 5. e5 h6 6. Bd2 Bxc3 7. bxc3 Ne4 8. Nf3
c5 9. Bd3 Nxd2 10. Qxd2 c4 11. Be2 b5 12. O-O Bd7 13. Rfb1 Nc6 14. a4 bxa4 15.
Ra3 Rb8 16. Qe1 O-O 17. Bf1 Qe7 18. Rxa4 Nxd4 19. Rxa7 Nxf3+ 20. gxf3 f6 21.
Rxb8 Rxb8 22. f4 fxe5 23. fxe5 Qg5+ 24. Bg2 Be8 25. Ra1 Bg6 26. Qe2 Rb2 27. Qe3
Qxe3 28. fxe3 Rxc2 29. Bh3 Bf5 30. Bxf5 exf5 31. Rd1 Rxc3 32. Rxd5 Rxe3 33. Kf2
Re4 34. Kg3 c3 35. Rc5 c2 36. Rxc2 Rxe5 37. Kf4 Rd5 38. h4 Rd4+ 39. Kxf5 Rxh4
40. Rc8+ Kh7 41. Rc7 Rh5+ 42. Kg4 Rg5+ 43. Kh4 Rf5 44. Kg4 Kg6 45. Rxg7+
1/2-1/2

[Event "Collado Villalba 2015 Torneo B"]
[Site "Collado Villalba (ESP)"]
[Date "2015.08.24"]
[Round "3.32"]
[White "Criado Riesgo, Manuel"]
[Black "Buergo Villanueva, Fernando"]
[Result "1-0"]
[WhiteElo "1535"]
[BlackElo "1308"]
[PlyCount "107"]
[EventDate "2015.08.22"]
[EventType "swiss"]
[EventRounds "9"]
[EventCountry "ESP"]
[Source "lmi"]
[SourceDate "2015.08.22"]

1. d4 d5 2. c4 e6 3. Nc3 Bb4 4. Qb3 a5 5. a3 Bxc3+ 6. Qxc3 Ne7 7. Bf4 Nd7 8.
Qg3 Nf5 9. Qc3 c6 10. h3 dxc4 11. e4 Nxd4 12. Qxd4 e5 13. Bxe5 Nxe5 14. Qxe5+
Kf8 15. Rd1 Qe7 16. Qxe7+ Kxe7 17. Bxc4 b5 18. Bd3 Ra7 19. Nf3 Rd8 20. O-O f6
21. Bc2 Bd7 22. Rd2 a4 23. Rfd1 Rg8 24. e5 Rc7 25. Nd4 g6 26. exf6+ Kxf6 27.
Nf3 Be8 28. Rd6+ Kg7 29. Rd8 c5 30. Re1 Bc6 31. Rxg8+ Kxg8 32. Be4 c4 33. Bxc6
Rxc6 34. Nd4 Rb6 35. Nc2 Kf7 36. Nb4 Rd6 37. Re2 g5 38. f3 Kf6 39. Kf2 h5 40.
Ke1 Rd4 41. Rd2 Rxd2 42. Kxd2 Kf5 43. Ke3 Ke5 44. g4 h4 45. Nc2 Kd5 46. f4 c3
47. bxc3 Kc4 48. fxg5 Kxc3 49. g6 Kxc2 50. g7 Kb3 51. g8=Q+ Kxa3 52. Kd2 Kb4
53. Qa2 a3 54. Kc2 1-0

[Event "Collado Villalba 2015 Torneo B"]
[Site "Collado Villalba (ESP)"]
[Date "2015.08.24"]
[Round "3.33"]
[White "Bermejo Calvo, Nora"]
[Black "Cortijo Manso, Luis"]
[Result "0-1"]
[WhiteElo "1313"]
[BlackElo "1529"]
[PlyCount "82"]
[EventDate "2015.08.22"]
[EventType "swiss"]
[EventRounds "9"]
[EventCountry "ESP"]
[Source "lmi"]
[SourceDate "2015.08.22"]

1. e4 e6 2. d4 d5 3. Bd3 c5 4. exd5 Qxd5 5. Bb5+ Bd7 6. Bxd7+ Nxd7 7. Nf3 Ngf6
8. Nc3 Qc6 9. O-O Bd6 10. Be3 O-O 11. Qd2 a6 12. Rfd1 Qc7 13. dxc5 Bxc5 14.
Bxc5 Nxc5 15. Qd6 Qxd6 16. Rxd6 Nce4 17. Nxe4 Nxe4 18. Rd7 b5 19. Ne5 Nc5 20.
Rc7 Rac8 21. Rxc8 Rxc8 22. Rd1 f6 23. Nf3 Na4 24. Rd6 Rxc2 25. g3 Rxb2 26. a3
Nc5 27. Rc6 Nd3 28. Rxa6 Nxf2 29. Rxe6 Nh3+ 30. Kf1 Rf2+ 31. Ke1 Rxf3 32. Re8+
Kf7 33. Ra8 Rb3 34. Kd2 Ng5 35. Kc2 Rf3 36. Ra5 Ne6 37. Kb2 Nd4 38. g4 Rb3+ 39.
Ka2 Rh3 40. Kb2 Kg6 41. Ra7 Rxh2+ 0-1